| 000 | 00352nam a2200133Ia 4500 | ||
|---|---|---|---|
| 008 | 250506s9999 xx 000 0 und d | ||
| 024 | _a11B-23-BS | ||
| 082 | _a005.1072 SYE | ||
| 100 | _aSyed Munib Ali | ||
| 245 | 0 | _aE-Banking (code book) | |
| 260 |
_aKarachi: _bUIT, _c2011 |
||
| 600 | _aComputer Science | ||
| 650 | _aBachelor of Computer Science (BS) | ||
| 999 |
_c28406 _d28406 |
||